VEHICLE STUDY AND VEHICLE MACHNICS (Record no. 579699)

000 -LEADER
fixed length control field 00267nam a22001097a 4500
082 ## - DEWEY DECIMAL CLASSIFICATION NUMBER
Classification number 629.74 VEH'R
100 ## - MAIN ENTRY--PERSONAL NAME
Personal name ROYAL MILITARY COLLEGE
9 (RLIN) 74128
245 ## - TITLE STATEMENT
Title VEHICLE STUDY AND VEHICLE MACHNICS
260 ## - PUBLICATION, DISTRIBUTION, ETC.
Place of publication, distribution, etc. BIRTINA
Name of publisher, distributor, etc. MILITARY ROYAL
Date of publication, distribution, etc. 9999
300 ## - PHYSICAL DESCRIPTION
Extent 7P
942 ## - ADDED ENTRY ELEMENTS (KOHA)
Koha item type Book
Holdings
Withdrawn status Lost status Damaged status Not for loan Permanent Location Current Location Shelving location Date acquired Total Checkouts Full call number Barcode Date last seen Price effective from Koha item type
        College of Electrical & Mechanical Engineering (CEME) College of Electrical & Mechanical Engineering (CEME) General Stacks 05/02/2017   629.74 VEH'R CEME-15616 06/28/2021 06/28/2021 Book
© 2023 Central Library, National University of Sciences and Technology. All Rights Reserved.